{"text_format":"3","workbook":"xls","n_sheets":3,"sheets":["Sheet1","Sheet2","Sheet3"],"read":"whole","date_system":"1900","formulas":"cached_only"}

{"sheet":"Sheet1","index":0,"n_rows":23,"n_cols":8,"rows_kept":23,"merged":[[0,0,0,7],[1,0,1,7],[23,0,23,7]],"flags":["formulas_cached_only"]}
["电子商务专业直播实训室建设清单"]
["直播间实训室"]
["序号","设备名称","参数","品牌","单位","数量","单价","总价"]
[1,"直播实训终端","CPU型号i5 　内存容量32GB　1T机械硬盘　固态硬盘容量256GB 独立显卡4G显存  1000Mbps以太网卡 2×USB2.0，2×USB3.0，耳机输出接口，麦克风输入接口 1×VGA，1×HDMI 1×RJ45（网络接口） 1×电源接口，预装操作系统与办公软件　21寸显示器  键鼠 x1 鼠标垫 x1 电源线 x1","联想","套",8,4800,38400]
[2,"直播摄像头","3840*3104 4k分辨率800万像素90度广角　USB接口　遥控3倍变焦 　内置麦克风　内置Ai人形跟踪双轴云台上下左右旋转","群卓","套",8,2600,20800]
[3,"声卡麦克风套装","声卡类型 外置型 声卡2.1声道 信噪比 -90dB,A-加权 频率响应:20Hz-20kHz(±0.2dB)  支持10种音效，麦克风有线 电容式 单指向 频响范围20Hz-20kHz 灵敏度-34dB±2dB 信噪比78dB 立体声 产品声压132dB","群卓","套",8,2600,20800]
[4,"手持直播终端","4800万像素以上 运行内存12GB机身内存256GB，4000mA以上电池","荣耀","部",8,1800,14400]
[5,"监听音箱","电脑音箱，2.1声道，有源：220V/50Hz，","国产","对",8,500,4000]
[6,"监听耳麦","有线头戴式，兼容手机PC,20Hz-20KHz, 标称阻抗24Ω，灵敏度101DB，3.5mm插头，线长1.5米。","国产","副",8,300,2400]
[7,"手持云台","可折叠、磁吸快拆、内置锂电池，容量为 1300mAh，时间可以达到 10 小时，适配手机重量为 230±60g，厚度为 6.9-10mm。","智云","台",8,800,6400]
[8,"线材配件","USB,网线，音频线，电源线插板","群卓","套",8,500,4000]
[9,"LED补光灯","18寸可调光变光，带遥控，220V电","群卓","套",8,600,4800]
[10,"LED 柔光灯箱套餐","嵌入式柔光灯电压： Ac220V 50/60Hz  功率：220W 色温：3200K 2*灯+2*灯架+2*柔光箱","群卓","套",8,1600,12800]
[11,"直播桌椅","1.6米直播桌，椅子面料材质：网布 人体工学椅","群卓","套",8,3000,24000]
[12,"直播提词器设备","11寸提词屏，提词软件，提词器支持广角大屏兼容手机。","群卓","套",8,4500,36000]
[13,"产品展示柜","根据房间定做，定制直播商品","群卓","套",8,4800,38400]
[14,"背景扣图绿幕","便携式背景布2*2M","群卓","项",8,1800,14400]
[15,"直播间装修与布线","房间隔断，门窗，吊顶，刷墙，灯光，通风处理，强电，弱电，吸音等，宣传海报\n1、轻钢龙骨隔墙：工艺：先做空腔，固定龙骨，填充50mm的隔音棉，然后固定石膏板；材料：轻钢龙骨采用表面热镀锌的优质冷轧钢制作； A级不燃材料，环保健康，无毒无害。\n2、工艺：固定吸音板支架（可采用木龙架或轻钢龙骨）；支架内填充玻璃纤维吸音棉；依据墙面造型，依次安装木质吸音板。吸音棉，采用玻璃纤维材质；\n3、吊顶：矿棉板+木工板收边灯槽吊顶；\n4、直播间墙面处理：吊打，墙面白乳胶漆处理，简约大方，所用材料环保；。\n5、静电地胶：自流平找平，铺设地胶，所选产品环保无刺激；\n6、窗户平开隔音板：吸音板制作门扇；门扇内填充玻璃纤维吸音棉；依据墙面造型，依次安装木质吸音板。优质孔木吸音板，具有木质最高的防火等级B1；吸音棉，采用玻璃纤维材质；\n7、直播室背景墙孔型吸音板：固定吸音板支架（可采用木龙架或轻钢龙骨）；支架内填充玻璃纤维吸音棉；依据墙面造型，依次安装木质吸音板。\n8、不锈钢踢脚线：成品；\n9、隔音门：规格1000mm×2100mm；门框采用进口或国产优质冷轧钢板，电镀锌钢或不锈钢制造；门扇填充采用硅酸铝纤维棉。\n10、隔音板装饰：固定吸音板支架（可采用木龙架或轻钢龙骨）；支架内填充玻璃纤维吸音棉；依据墙面造型，依次安装木质吸音板。","群卓","套",8,48600,388800]
[16,"智能化实训教学AI评价软件","提供多用户版AI智评系统，提供直播销售技能模拟上播应用，配套直播教学一体化设备直播实训应用。系统可通过AI智能评价方式，模拟直播全流程，训练直播各环节的技能，并实现对直播全流程实训效果的客观自动评分。\n学生可可通过账号密码方式登录学生个人实训页面，并在平台中提供个人实训任务，显示直播销售技能（上播模拟实操）实训内容。\n直播中每个阶段均会在虚拟直播系统界面以及网页端的提词页面中弹出字幕板，提示该阶段要求完成的具体实训内容。\n任务列表:列表显示所有任务，可修改任务，删除任务，上传导入任务，下载任务。点击任务完成情况，显示该任务下未完成和已完成学生，显示评分和已评/无评，已完成但无评分和评语的为图文任务需人工评分和评语，可点击查看每位学生已完成任务内容与评分评语，如果是图文任务该学生已完成任务，但需要进行人工评分评语的，老师可以进行人工评分评语。\n任务管理\n1、选择任务分类：音视频任务、纯音频任务、文字任务、图文混合任务\n2、添加任务标题:后台显示，可显示给前端学生查看\n3、添加任务介绍与评价标准说明：说明可以是图片、文字、音频（mp3）、音视频(mp4)任何类型，需要显示给前端学生查看。\n4、设置纯音频任务评分与评价标准：设置关键字，最多10组。\n5、设置视频任务对比评价标准：1.设置自动截图多少张/每分钟，最多10张，给出评分和评价，视频MP4，音频MP3。\n6、设置文字任务评分与评价标准：设置关键字，最多10组。\n7、设置任务中文字提示：设置提示文字内容与提示时间\n8、设置任务时间：设置多少分种，学生点击开始任务到自动提交任务完成时间。\n9、设置任务完成日期：设置任务完成日期，设置日期内未完成任务，学生该任务得分为0分。\n10、任务排名:按单个任务评分进行排名，按学生所有完成的任务总得分排名。\n11、重置任务:可选择按学号重置学生已完成的任务，单选每一个任务或所有任务。可选择按任务重置学生已完成的任务，单选一个人或所有人。\n学生功能：\n1、注册登录：学生在个人电脑端登录实训软件，输入用户名和密码，可以进行注册，等老师审批。\n2、直播策划任务：学生进入直播策划任务，按任务要求进行直播策划任务实训。实训任务完成后，后台自动进行评分和评语。（需提供软件功能截图，同时需要软件厂家提供参数是否满足文字证明加盖厂家公章。）\n3、直播任务：学生登录实训软件后可以选择实训，视频类任务学生开始实训任务时，学生电脑会自动启动摄像头与麦克风并进行录音录像并保存，完成任务后学生可查看，如果没有检测支学生电脑摄像头与麦克风给出提示。如果是纯音频类任务，只启动麦克风，如果没有检测支学生电脑摄像头与麦克风给出提示。实训任务完成后，后台自动进行评分和评语。（需提供软件功能截图，同时需要软件厂家提供参数是否满足文字证明加盖厂家公章。）\n4、直播互动实训任务：在直播实训任务进行的过程中会有互动弹幕内容，根据弹幕进行问题回答。实训任务完成后，后台自动进行评分和评语。（需提供软件功能截图，同时需要软件厂家提供参数是否满足文字证明加盖厂家公章。）\n5、直播复盘查看：任务完成后可以进行复盘查看，包括直播录像内容，直播时的表情管理，语言内容管理。提示需要改进的地方。\n6、直播任务排名:学生完成任务后可以查看单个任务评分和排名，完成的任务总得分排名。（需提供软件功能截图，同时需要软件厂家提供参数是否满足文字证明加盖厂家公章。）\n7、提供软件著作权证书","群卓 V1","套",1,258000,258000]
[18,"机柜 ","22U专用服务器机柜；采用优质冷扎钢板制作，整体框架结构设计；机柜深度1000 mm，立柱厚度不低于2.0 mm，其余部分钢板厚度不低于1.2 mm；静载500KG以上。","国产","台",1,3000,3000]
[19,"实训教学管理主机 ","2颗处理器：40核心80线程2.5GHZ+单电及以上 内存：32GB以上 硬盘：2*2TB SSD硬盘480G*2 7. 2K  RPM  SATA扩展性：不少于4块 3.5英寸热插拔SAS, SATA, SSD硬盘；RAID卡：可配置RAID 0、1、5、6、10、50、60，支持热备盘技术，支持不低于1GB高速缓存；集成双端口Broadcom千兆网卡，带故障切换和负载均衡功能，支持TOE，iSCSI启动；PCIe插槽：2个PCIe 3.0；4个USB；\n平台系统：正版中文操作系统与WEB服务apache\n标准版MySQL数据库，正版中文软件jdk8","群卓","台",1,33000,33000]
[20,"路由器","4个10/100/1000Mbps Mbps端口，3000M无线传输","磊科","套",2,600,1200]
[21,"小计",{"$nulls":5},925600]

{"sheet":"Sheet2","index":1,"n_rows":0,"n_cols":0,"rows_kept":0,"flags":["formulas_cached_only"]}

{"sheet":"Sheet3","index":2,"n_rows":0,"n_cols":0,"rows_kept":0,"flags":["formulas_cached_only"]}